فهـرس مكتبـة معهد التخطيـط Institute of National Planning Catalog

Global monitoring report 2006 : (رقم التسجيلة. 15775)

تفاصيل مارك
000 -الفاتح
حقل البيانات ثابتة الطول 01502cas a2200373 a 4500
003 - محدد رقم الضبط
رقم الضبط INP
005 - وقت وتاريخ اخر تعامل مع التسجيلة
رقم الضبط 20260622100139.0
008 - عناصر البيانات ثابتة الطول - معلومات عامة
حقل البيانات ثابتة الطول 040713c2006uuuudcuar 0 a0eng c
040 ## - مصدر الفهرسة
وكالة الفهرسة الأصلية EG-INP
وكالة النسخ EG-INP
لغة الفهرسة ara
082 04 - رقم تصنيف ديوى العشرى
رقم التصنيف 338.9
رقم الطبعة 21
رقم المادة G L
110 2# - المدخل الرئيسى - إسم هيئة
اسم الهيئة أو اسم السلطة كمدخل World Bank.
245 10 - بيان العنوان
العنوان Global monitoring report 2006 :
العنوان الفرعي millennium development goals : strengthening mutual accountability, aid, trade, and governance /
بيان المسئولية World Bank.
260 ## - بيانات النشر
مكان الناشر او الموزع Washington :
اسم الناشر او الموزع International Bank for Reconstruction and Development,
تاريخ النشر أو التوزيع 2006.
300 ## - الوصف المادى
التعداد vol. :
تفاصيل ماديه اخرى للوعاء ill. ;
أبعاد الوعاء 28 cm.
310 ## - تتابع الصدور الحالى
رابط الحقل و رقم التتابع Annual
520 ## - التبصرة الخاصة بالتعليق أو التلخيص
ملخص,الخ "Policies and actions for achieving the Millennium Development Goals and related outcomes."
650 #7 - المدخل الاضافى بالموضوع-مصطلح موضوعى
مصطلح موضوعي كعنصر مدخل Economic development
التقسيم الفرعي الشكلي Periodicals.
مصدر الرأس أو المصطلح qrmak
650 #7 - المدخل الاضافى بالموضوع-مصطلح موضوعى
مصطلح موضوعي كعنصر مدخل Economic policy
التقسيم الفرعي الشكلي Periodicals.
مصدر الرأس أو المصطلح qrmak
650 #7 - المدخل الاضافى بالموضوع-مصطلح موضوعى
مصطلح موضوعي كعنصر مدخل Développement économique
التقسيم الفرعي الشكلي Périodiques.
مصدر الرأس أو المصطلح qrmak
650 #7 - المدخل الاضافى بالموضوع-مصطلح موضوعى
مصطلح موضوعي كعنصر مدخل Économie politique
التقسيم الفرعي العام Périodiques.
مصدر الرأس أو المصطلح qrmak
650 #7 - المدخل الاضافى بالموضوع-مصطلح موضوعى
مصطلح موضوعي كعنصر مدخل Annuaires.
مصدر الرأس أو المصطلح qrmak
9 (RLIN) 183
650 #7 - المدخل الاضافى بالموضوع-مصطلح موضوعى
مصطلح موضوعي كعنصر مدخل Politique économique.
مصدر الرأس أو المصطلح qrmak
650 #7 - المدخل الاضافى بالموضوع-مصطلح موضوعى
مصطلح موضوعي كعنصر مدخل Développement économique.
مصدر الرأس أو المصطلح qrmak
9 (RLIN) 859
650 #7 - المدخل الاضافى بالموضوع-مصطلح موضوعى
مصطلح موضوعي كعنصر مدخل Pays en développement.
مصدر الرأس أو المصطلح qrmak
650 #7 - المدخل الاضافى بالموضوع-مصطلح موضوعى
مصطلح موضوعي كعنصر مدخل Economic development.
مصدر الرأس أو المصطلح qrmak
9 (RLIN) 3803
650 #7 - المدخل الاضافى بالموضوع-مصطلح موضوعى
مصطلح موضوعي كعنصر مدخل Economic policy.
مصدر الرأس أو المصطلح qrmak
9 (RLIN) 947
650 #7 - المدخل الاضافى بالموضوع-مصطلح موضوعى
مصطلح موضوعي كعنصر مدخل Politique économique.
مصدر الرأس أو المصطلح qrmak
650 #7 - المدخل الاضافى بالموضوع-مصطلح موضوعى
مصطلح موضوعي كعنصر مدخل Développement économique.
مصدر الرأس أو المصطلح qrmak
9 (RLIN) 859
710 2# - المدخل الاضافى - اسم هيئه
اسم الهيئة أو اسم السلطة كمدخل International Monetary Fund.
776 08 - مدخل الشكل المادى الاضافى
نص العرض Online version:
العنوان Global monitoring report
رقم ضبط التسجيلة (DLC) 2009267063
-- (OCoLC)72900930
901 ## - عنصر بيانات محلىA, LDA (RLIN)
كود المفهرس EGPV3
903 ## - original or copycat
a original
المقتنيات
حالة التراجع المكان المؤقت الموقع الحالى نوع وعاء كوها
  Library INP Library INP تقارير